Le monde de Byzance
I tiakina i:
| Kaituhi matua: | |
|---|---|
| Hōputu: | Pukapuka |
| Reo: | Wīwī |
| I whakaputaina: |
París
Payot
1958
|
| Rangatū: | Bibliothèque Historique
|
| Ngā marau: | |
| Ngā Tūtohu: |
Tāpirihia he Tūtohu
Kāore He Tūtohu, Me noho koe te mea tuatahi ki te tūtohu i tēnei pūkete!
|
MARC
| LEADER | 00000nam a2200000 a 4500 | ||
|---|---|---|---|
| 001 | UCO2209 | ||
| 003 | CL-VaPUC | ||
| 008 | 000602e19580000FR |||||||||||||||||fre|d | ||
| 082 | 0 | 4 | |a 949.9 |b HUS |2 21 |
| 100 | 0 | |a Hussey, J. M |e author |9 445158 | |
| 245 | 1 | 3 | |a Le monde de Byzance |
| 300 | |a 228 p | ||
| 942 | |c BK | ||
| 945 | |d 20000602 00:00:00 |a rherrera | ||
| 260 | |a París |b Payot |c 1958 | ||
| 650 | 0 | |a Imperio Bizantino |9 315386 | |
| 650 | 0 | |a Civilización bizantina |9 341169 | |
| 650 | 7 | |a IGLESIA ORTODOXA |2 CL-VaPUC |9 375572 | |
| 650 | 0 | |a Imperio Romano |9 322785 | |
| 650 | 0 | |a Estado |9 255503 | |
| 583 | |a last modification |c 20000602 00:00:00 |k Rodrigo Vera | ||
| 490 | 0 | |a Bibliothèque Historique | |
| 999 | |c 288748 |d 288746 | ||
| 952 | |0 0 |1 0 |4 0 |6 949_900000000000000_HUS_1958 |7 0 |8 A |9 336660 |a BIBHIS |b BIBHIS |d 2019-11-20 |i 1283545 |o 949.9 HUS 1958 |p 1283545 |r 2025-01-20 |w 2019-11-20 |y BK |k HIS | ||